000 00447ntaaa2200181 4500
003 01
005 20251027201651.0
008 0714s1973 ag 01
040 _aAR-BaBN
_bspa
_cAR-BaBN
_eaacr
_dRIC
082 _a232.9000 W352
100 _aNeander, Augustus
_912620
245 _aThe life of Jesus Christ
250 _a1 ed.
260 _aNew York :
_bHarper and Brothers,
_c1848
300 _axxxi, 442 p
650 _aJesucristo
942 _cBK
999 _c11415
_d11415